000 00161 a2200085 4500
020 _a9786074440102
041 _aspa
245 _aEl libro de la selva
942 _cBK
999 _c30923
_d30921